Sucesiones internacionales: comentarios al reglamento UE 650-2012

Guardat en:
Dades bibliogràfiques
Autor principal: Iglesias Buhigues, José Luis (Autor)
Altres autors: Palao Moreno, Guillermo (autor)
Format: Llibre
Idioma:espanyol
Publicat: Valencia Tirant Lo Blanch 2015
Edició:1a. ed
Col·lecció:Tratados
Matèries:
Etiquetes: Afegir etiqueta
Sense etiquetes, Sigues el primer a etiquetar aquest registre!

MARC

LEADER 00000cam a2200000 a 4500
001 UCD1593
003 CL-VaPUC
008 160316e20150000sp |||||||||||||||||spa|d
020 |a 9788490867891 
082 0 4 |a 340.9  |b IGL  |2 21 
100 |a Iglesias Buhigues, José Luis  |e author  |9 605193 
700 |a Palao Moreno, Guillermo  |e autor  |9 605194 
245 1 0 |a Sucesiones internacionales: comentarios al reglamento UE 650-2012 
250 |a 1a. ed 
300 |a 676 p 
942 |c BK 
945 |d 20160316 17:23:00  |a dcastane 
260 |a Valencia  |b Tirant Lo Blanch  |c 2015 
650 0 |a Derecho internacional privado  |9 256361 
650 0 |a Fuentes del derecho   |9 255162 
650 0 |a Sucesiones   |9 393435 
583 |a last modification  |c 20160316 17:23:00  |k Rodrigo Vera 
490 0 |a Tratados 
999 |c 362867  |d 362865 
952 |0 0  |1 0  |3 erd  |4 0  |6 340_900000000000000_IGL_2015  |7 0  |8 A  |9 474412  |a BIBDER  |b BIBDER  |i 5267358  |o 340.9 IGL 2015  |p 5267358  |r 2023-01-25  |w 2019-11-24  |y BK  |z Catalogado en:20160316  |k DER